a study of farmer action research on rice plant in kvan meas village, putsor commune, bati district, takeo province( ការសិក្សាអំពីការពិសោធន៍ស្រាវជ្រាវដោយកសិករ ទៅលើដំណាំស្រូវ​ នៅភូមិក្វាន់មាស ឃុំពត់សរ ស្រុកបាទី​ខេត្តតាកែវ) (Record no. 549)

000 -LEADER
fixed length control field 00777nam a22001577a 4500
003 - CONTROL NUMBER IDENTIFIER
control field OSt
005 - DATE AND TIME OF LATEST TRANSACTION
control field 20150916102645.0
008 - FIXED-LENGTH DATA ELEMENTS--GENERAL INFORMATION
fixed length control field 150916b xxu||||| |||| 00| 0 eng d
040 ## - CATALOGING SOURCE
Transcribing agency RUA
082 ## - DEWEY DECIMAL CLASSIFICATION NUMBER
Classification number AGR CHA 2002 B027 Or.1
100 ## - MAIN ENTRY--PERSONAL NAME
9 (RLIN) 572
Personal name CHAN,TITHLINA.
245 ## - TITLE STATEMENT
Title a study of farmer action research on rice plant in kvan meas village, putsor commune, bati district, takeo province( ការសិក្សាអំពីការពិសោធន៍ស្រាវជ្រាវដោយកសិករ ទៅលើដំណាំស្រូវ​ នៅភូមិក្វាន់មាស ឃុំពត់សរ ស្រុកបាទី​ខេត្តតាកែវ)
260 ## - PUBLICATION, DISTRIBUTION, ETC. (IMPRINT)
Place of publication, distribution, etc. Phnom Penh
Name of publisher, distributor, etc. RUA
Date of publication, distribution, etc. 2002
300 ## - PHYSICAL DESCRIPTION
Extent 32p.
Other physical details ill.
Dimensions 29cm.
942 ## - ADDED ENTRY ELEMENTS (KOHA)
Source of classification or shelving scheme
Koha item type AGR
Holdings
Price effective from Date last seen Permanent Location Not for loan Date acquired Source of classification or shelving scheme Koha item type Barcode Lost status Damaged status Shelving location Withdrawn status Current Location Full call number
2015-09-162015-09-16Library Block B 2015-09-16 AGRRUA002239  B027 Library Block BAGR CHA 2002 B027 Or.1
2015-09-162015-09-16Library Block B 2015-09-16 AGRRUA002311  B027 Library Block BAGR CHA 2002 B027 Or.2
2015-09-162015-09-16Library Block B 2015-09-16 AGRRUA002240  B027 Library Block BAGR CHA 2002 B027 Or.3
2015-09-162015-09-16Library Block B 2015-09-16 AGRRUA002799  B027 Library Block BAGR CHA 2002 B027 Or.4
មជ្ឈមណ្ឌលឯការនៃសាកលវិទ្យាល័យភូមិន្ទកសិកម្មចំការដូង

Powered by Koha